00957 2200325 4500001002100000005001500021035002000036007000300056040001700059100004400076245010400120300003300224041000800257082001000265084001600275090001900291264003100310336002100341337003000362338002300392650001500415850001000430008004100440020001600481700004200497990002300539990002300562990002300585990002300608INLIS00000000000669520260411092658 a0010-0622000030ta aSBPUPADbind0 aalih bahasa, Susatio SudignoePengarang1 aDasar-Dasar Matematika EKonomi Jilid Dua :bEdisi Ketiga /calih bahasa, Susatio Sudigno, Nartanto avi,247 hlm. :bilus. ;c21cm0 aind a512.9 a512.9 ALP d a911 SIM a L2-2 aJakarta :bErlangga,c1986 2rdacontentaTeks 2rdamediaaTanpa Perantara 2rdacarrieravolume 4aMatematika aPUPAD260411 0  a54-09-006-30 aalih bahasa ke-2, NurtantoePengarang a17225/Br/KAPD/2012 a17226/Br/KAPD/2012 a17227/Br/KAPD/2012 a17228/Br/KAPD/2012